| 000 | 00538nab a2200145Ia 4500 | ||
|---|---|---|---|
| 003 | ES-SlBCS | ||
| 005 | 20220625200734.0 | ||
| 008 | 140529s2001 xxu||||| |||| 00| 0 spa d | ||
| 041 | _aspa | ||
| 100 | 1 |
_aCarriedo Tejedo, Manuel _967731 |
|
| 245 | 0 | 0 |
_aLocus Apostolicis (1012-1072, Episcopi irienses (1014-1071) et Garsea Rex in Fallecia (1066-1071/1072-1073) _c Manuel Carriedo Tejedo |
| 650 | 0 | 4 |
_aLocus Apostolicis-Obispos Compostelano _9234888 |
| 773 | 0 |
_tCompostellanum _gvol. 46, nº. 3-4, 2001, págs. 473-576 _wRev130 |
|
| 942 | _cAR | ||
| 999 |
_c631807 _d631807 |
||